<?xml version="1.0" encoding="UTF-8"?>
<record
    xmlns:xsi="http://www.w3.org/2001/XMLSchema-instance"
    xsi:schemaLocation="http://www.loc.gov/MARC21/slim http://www.loc.gov/standards/marcxml/schema/MARC21slim.xsd"
    xmlns="http://www.loc.gov/MARC21/slim">

  <leader>00857nam a2200169Ia 4500</leader>
  <controlfield tag="008">231217s9999    xx            000 0 und d</controlfield>
  <datafield tag="041" ind1=" " ind2=" ">
    <subfield code="a">English</subfield>
  </datafield>
  <datafield tag="082" ind1=" " ind2=" ">
    <subfield code="a">001.424  SHA;24</subfield>
  </datafield>
  <datafield tag="100" ind1=" " ind2=" ">
    <subfield code="a">Sharma, S D.</subfield>
  </datafield>
  <datafield tag="245" ind1=" " ind2="0">
    <subfield code="a">Operations research : theory, methods and applications for honours,post-graduate degree and diploma courses of statistics,mathematics,engineering, business management, operational management, marketing and sales management computer science commerce, econo</subfield>
  </datafield>
  <datafield tag="250" ind1=" " ind2=" ">
    <subfield code="a">15th ed.</subfield>
  </datafield>
  <datafield tag="260" ind1=" " ind2=" ">
    <subfield code="c">2009-10</subfield>
    <subfield code="b">Kedarnath Ramnath</subfield>
    <subfield code="a">Meerut</subfield>
  </datafield>
  <datafield tag="300" ind1=" " ind2=" ">
    <subfield code="a">xxiv, 431+149+406+116+54</subfield>
  </datafield>
  <datafield tag="500" ind1=" " ind2=" ">
    <subfield code="a">Content pages available.</subfield>
  </datafield>
  <datafield tag="650" ind1=" " ind2=" ">
    <subfield code="a">Operations,theory,,honours,post-graduate,degree,diploma,courses,statistics,mathematics,engineering,,business,management,,operational,management,,marketing,sales,management,computer,commerce,,econo</subfield>
  </datafield>
  <datafield tag="942" ind1=" " ind2=" ">
    <subfield code="c">AA</subfield>
  </datafield>
  <datafield tag="999" ind1=" " ind2=" ">
    <subfield code="c">189956</subfield>
    <subfield code="d">189956</subfield>
  </datafield>
  <datafield tag="952" ind1=" " ind2=" ">
    <subfield code="r">2024-01-26 00:00:00</subfield>
    <subfield code="l">0</subfield>
    <subfield code="o">001.424  SHA;24</subfield>
    <subfield code="p">75699</subfield>
    <subfield code="u">digital/contents/59465.pdf</subfield>
    <subfield code="v">382.50</subfield>
    <subfield code="w">2024-01-26</subfield>
    <subfield code="y">AA</subfield>
    <subfield code="1">0</subfield>
    <subfield code="4">0</subfield>
    <subfield code="7">0</subfield>
    <subfield code="8">CL</subfield>
    <subfield code="0">0</subfield>
    <subfield code="a">ML</subfield>
    <subfield code="b">ML</subfield>
    <subfield code="c">CL</subfield>
    <subfield code="d">2010-11-30</subfield>
    <subfield code="e">Book Paradise</subfield>
    <subfield code="g">450.00</subfield>
    <subfield code="E">CS</subfield>
    <subfield code="K">60252</subfield>
    <subfield code="L">28/10/2014</subfield>
    <subfield code="G">RS</subfield>
    <subfield code="F">1</subfield>
    <subfield code="V">67.5</subfield>
    <subfield code="W">15</subfield>
  </datafield>
  <datafield tag="952" ind1=" " ind2=" ">
    <subfield code="r">2024-01-26 00:00:00</subfield>
    <subfield code="l">0</subfield>
    <subfield code="o">001.424  SHA;25</subfield>
    <subfield code="p">75700</subfield>
    <subfield code="u">digital/contents/59465.pdf</subfield>
    <subfield code="v">382.50</subfield>
    <subfield code="w">2024-01-26</subfield>
    <subfield code="y">AA</subfield>
    <subfield code="1">0</subfield>
    <subfield code="4">0</subfield>
    <subfield code="7">0</subfield>
    <subfield code="8">BBA</subfield>
    <subfield code="0">0</subfield>
    <subfield code="a">ML</subfield>
    <subfield code="b">ML</subfield>
    <subfield code="c">BBA</subfield>
    <subfield code="d">2010-11-30</subfield>
    <subfield code="e">Book Paradise</subfield>
    <subfield code="g">450.00</subfield>
    <subfield code="E">CS</subfield>
    <subfield code="K">60252</subfield>
    <subfield code="L">28/10/2014</subfield>
    <subfield code="G">RS</subfield>
    <subfield code="F">1</subfield>
    <subfield code="V">67.5</subfield>
    <subfield code="W">15</subfield>
  </datafield>
  <datafield tag="952" ind1=" " ind2=" ">
    <subfield code="r">2024-01-26 00:00:00</subfield>
    <subfield code="l">0</subfield>
    <subfield code="o">001.424  SHA;26</subfield>
    <subfield code="p">75701</subfield>
    <subfield code="u">digital/contents/59465.pdf</subfield>
    <subfield code="v">382.50</subfield>
    <subfield code="w">2024-01-26</subfield>
    <subfield code="y">AA</subfield>
    <subfield code="1">0</subfield>
    <subfield code="4">0</subfield>
    <subfield code="7">0</subfield>
    <subfield code="8">BBA</subfield>
    <subfield code="0">0</subfield>
    <subfield code="a">ML</subfield>
    <subfield code="b">ML</subfield>
    <subfield code="c">BBA</subfield>
    <subfield code="d">2010-11-30</subfield>
    <subfield code="e">Book Paradise</subfield>
    <subfield code="g">450.00</subfield>
    <subfield code="E">CS</subfield>
    <subfield code="K">60252</subfield>
    <subfield code="L">05/12/2014</subfield>
    <subfield code="G">RS</subfield>
    <subfield code="F">1</subfield>
    <subfield code="V">67.5</subfield>
    <subfield code="W">15</subfield>
  </datafield>
  <datafield tag="952" ind1=" " ind2=" ">
    <subfield code="r">2024-01-26 00:00:00</subfield>
    <subfield code="l">0</subfield>
    <subfield code="o">001.424  SHA;27</subfield>
    <subfield code="p">75702</subfield>
    <subfield code="u">digital/contents/59465.pdf</subfield>
    <subfield code="v">382.50</subfield>
    <subfield code="w">2024-01-26</subfield>
    <subfield code="y">AA</subfield>
    <subfield code="1">0</subfield>
    <subfield code="4">0</subfield>
    <subfield code="7">0</subfield>
    <subfield code="8">CL</subfield>
    <subfield code="0">0</subfield>
    <subfield code="a">ML</subfield>
    <subfield code="b">ML</subfield>
    <subfield code="c">CL</subfield>
    <subfield code="d">2010-11-30</subfield>
    <subfield code="e">Book Paradise</subfield>
    <subfield code="g">450.00</subfield>
    <subfield code="E">CS</subfield>
    <subfield code="K">60252</subfield>
    <subfield code="L">05/12/2014</subfield>
    <subfield code="G">RS</subfield>
    <subfield code="F">1</subfield>
    <subfield code="V">67.5</subfield>
    <subfield code="W">15</subfield>
  </datafield>
  <datafield tag="952" ind1=" " ind2=" ">
    <subfield code="r">2024-01-26 00:00:00</subfield>
    <subfield code="l">0</subfield>
    <subfield code="o">001.424  SHA;28</subfield>
    <subfield code="p">75703</subfield>
    <subfield code="u">digital/contents/59465.pdf</subfield>
    <subfield code="v">382.50</subfield>
    <subfield code="w">2024-01-26</subfield>
    <subfield code="y">AA</subfield>
    <subfield code="1">0</subfield>
    <subfield code="4">0</subfield>
    <subfield code="7">0</subfield>
    <subfield code="8">CL</subfield>
    <subfield code="0">0</subfield>
    <subfield code="a">ML</subfield>
    <subfield code="b">ML</subfield>
    <subfield code="c">CL</subfield>
    <subfield code="d">2010-11-30</subfield>
    <subfield code="e">Book Paradise</subfield>
    <subfield code="g">450.00</subfield>
    <subfield code="E">CS</subfield>
    <subfield code="K">60252</subfield>
    <subfield code="L">28/10/2014</subfield>
    <subfield code="G">RS</subfield>
    <subfield code="F">1</subfield>
    <subfield code="V">67.5</subfield>
    <subfield code="W">15</subfield>
  </datafield>
</record>
